Empirical labor economics the search approach /

Bibliographic Details
Main Author: Devine, Theresa J.
Corporate Author: ProQuest (Firm)
Other Authors: Kiefer, Nicholas M., 1951-
Format: Electronic eBook
Language:English
Published: New York : Oxford University Press, 1991.
Subjects:
Online Access:Click to View
LEADER 01353nam a2200373Ia 4500
001 EBC430489
003 MiAaPQ
005 20200520144314.0
006 m o d |
007 cr cn|||||||||
008 900205s1991 nyua sb 001 0 eng d
010 |z  90006852  
020 |z 0195059360 (acid-free paper) 
020 |z 9780195059366 
035 |a (MiAaPQ)EBC430489 
035 |a (Au-PeEL)EBL430489 
035 |a (CaPaEBR)ebr10279286 
035 |a (CaONFJC)MIL53335 
035 |a (OCoLC)252604468 
040 |a MiAaPQ  |c MiAaPQ  |d MiAaPQ 
050 4 |a HD4901  |b .D49 1991 
082 0 4 |a 331  |2 20 
100 1 |a Devine, Theresa J. 
245 1 0 |a Empirical labor economics  |h [electronic resource] :  |b the search approach /  |c Theresa J. Devine, Nicholas M. Kiefer. 
260 |a New York :  |b Oxford University Press,  |c 1991. 
300 |a x, 343 p. :  |b ill. 
504 |a Includes bibliographical references (p. 309-333) and indexes. 
533 |a Electronic reproduction. Ann Arbor, MI : ProQuest, 2015. Available via World Wide Web. Access may be limited to ProQuest affiliated libraries. 
650 0 |a Labor economics. 
650 0 |a Economics. 
655 4 |a Electronic books. 
700 1 |a Kiefer, Nicholas M.,  |d 1951- 
710 2 |a ProQuest (Firm) 
856 4 0 |u https://ebookcentral.proquest.com/lib/matrademy/detail.action?docID=430489  |z Click to View